000 00554nam a22001817a 4500
003 OSt
005 20160224125224.0
008 160224b xxu||||| |||| 00| 0 eng d
020 _a090100183X
040 _aSEKU
050 _aTP156
_b.S65 2001
245 _aSolvent extraction for the 21st century
_b(proceedings of ISEC 99)
_c edited by Michael Cox,Manuela Hidalgo, Manuel Valiente
260 _aLondon
_bPage Bros LTD
_c2001
300 _a810p
440 _aWhere science meets business
500 _aincludes bib. ref. and index.
942 _2lcc
_cGEN
999 _c11436
_d11436